Sonetos

Tallennettuna:
Bibliografiset tiedot
Päätekijä: Bellay, Joachim du (Tekijä)
Aineistotyyppi: Kirja
Kieli:espanja
Julkaistu: Madrid Visor 1985
Sarja:Colección Visor de Poesía, 199
Aiheet:
Tagit: Lisää tagi
Ei tageja, Lisää ensimmäinen tagi!

MARC

LEADER 00000nam a2200000 a 4500
001 UCW0054
003 CL-VaPUC
008 880502e19850000SP |||||||||||||||||spa|d
082 0 4 |a 841  |b BEL  |2 21 
100 0 |a Bellay, Joachim du  |e author  |9 304042 
245 1 0 |a Sonetos 
300 |a 119 p 
942 |c BK 
945 |d 19880502 00:00:00 
260 |a Madrid  |b Visor  |c 1985 
650 0 |a Poesía francesa  |9 264947 
583 |a last modification  |c 19880502 00:00:00  |k Rodrigo Vera 
490 0 |a Colección Visor de Poesía, 199 
999 |c 215302  |d 215300 
952 |0 0  |1 0  |4 0  |6 841_000000000000000_BEL_1985  |7 0  |8 A  |9 199392  |a BIBART  |b BIBART  |d 2019-11-14  |i 2666979  |o 841 BEL 1985  |p 2666979  |r 2025-03-13  |w 2019-11-14  |y BK  |k ART